LEADER 02600nam 2200577 450 001 9910454442103321 005 20211005034502.0 010 $a1-282-02480-9 010 $a9786612024801 010 $a0-8264-3232-8 035 $a(CKB)1000000000725485 035 $a(EBL)436677 035 $a(OCoLC)319718473 035 $a(MiAaPQ)EBC436677 035 $a(MiAaPQ)EBC5309473 035 $a(Au-PeEL)EBL5309473 035 $a(CaPaEBR)ebr11518444 035 $a(OCoLC)1027200914 035 $a(MiAaPQ)EBC3002948 035 $a(Au-PeEL)EBL3002948 035 $a(OCoLC)928191321 035 $a(EXLCZ)991000000000725485 100 $a20180315h20052005 uy 0 101 0 $aeng 135 $aur|n|---||||| 181 $2rdacontent 182 $2rdamedia 183 $2rdacarrier 200 10$aCarson $ethe man who divided Ireland /$fGeoffrey Lewis 210 1$aLondon, [England] ;$aNew York, [New York] :$cHambledon Continuum,$d2005. 210 4$d©2005 215 $a1 online resource (308 p.) 300 $aDescription based upon print version of record. 311 $a1-85285-570-3 320 $aIncludes bibliographical references and index. 327 $aContents; Illustrations; Introduction; 1 Dublin; 2 Home Rule; 3 London; 4 Oscar Wilde; 5 The End of Unionist Government; 6 The Naval Cadet; 7 The House of Lords; 8 The Conservative Leadership; 9 Asquith's Home Rule Bill; 10 Ulster; 11 Marconi; 12 The Curragh; 13 Craigavon; 14 War and Peace; 15 Opposition; 16 The Fall of Asquith; 17 Final Attempt; Notes; Bibliography; Index 330 $aThe partition of Ireland in 1921, and the birth of Northern Ireland as a political entity, was the work of one man above all. Edward Carson, born in Dublin in 1854, was a brilliant lawyer whose cross-questioning of Oscar Wilde at his libel trial brought about Wilde's downfall. An inspiring orator and a political heavyweight at Westminster, his defence of Unionism in the years before the First World War, and of the rights of Ulster not to be swamped in an independent Ireland, made a united Ireland a political impossibility. While some of his actions were denounced in England as close to treason 606 $aPoliticians$zIreland$vBiography 606 $aLawyers$zIreland$vBiography 608 $aElectronic books. 615 0$aPoliticians 615 0$aLawyers 676 $a941.5082092 700 $aLewis$b Geoffrey$f1929-$0918995 801 0$bMiAaPQ 801 1$bMiAaPQ 801 2$bMiAaPQ 906 $aBOOK 912 $a9910454442103321 996 $aCarson$92461698 997 $aUNINA LEADER 03776 am 2200841 n 450 001 9910641194503321 005 20221219 010 $a2-7099-1861-7 024 7 $a10.4000/books.irdeditions.44270 035 $a(CKB)5680000000297378 035 $a(FrMaCLE)OB-irdeditions-44270 035 $a(NjHacI)995680000000297378 035 $a(PPN)269003045 035 $a(EXLCZ)995680000000297378 100 $a20230116j|||||||| ||| 0 101 0 $afre 135 $auu||||||m|||| 181 $ctxt$2rdacontent 182 $cc$2rdamedia 183 $acr$2rdacarrier 200 10$a50 ans de recherche pour le développement en Polynésie /$fPhilippe Lacombe, Fabrice Charleux, Corinne Ollier, Joël Orempuller 210 $aMarseille $cIRD Éditions$d2022 210 1$aMarseille :$cIRD,$d2013. 215 $a1 online resource (142 p.) 311 $a2-7099-1753-X 330 $aDe la Polynésie française, chacun connaît les stéréotypes. Mais les cinq archipels, tous différents, sont surtout des terres de cultures : aux uns les cocoteraies, les tarodières ou les vergers, aux autres la perliculture et le tourisme, à tous la mer et la pêche. Implanté depuis cinquante ans en Polynésie française, l'Institut de recherche pour le développement a souhaité restituer les principaux programmes scientifiques menés dans ce pays. Bien souvent fruit des financements de l'Etat et du Territoire, la plupart du temps menés en partenariat avec l'université de Polynésie et les autres organismes, ces programmes concernant différents domaines scientifiques. De l'archéologie à la génétique, les sciences mobilisées sont nombreuses mais notre entrée est avant tout celle des questions de société, d'environnement et de santé... L'ambition de cet ouvrage est de permettre à chacun de s'approprier un état des connaissances produites localement. Au-delà, notre perspective, très collective, est de nourrir les relations entre la science et la société, et de fournir des éléments de réponse à la récurrente question, « quelles recherches pour le développement de la Polynésie française et ses habitants ? » 606 $aAnthropology 606 $apaysages 606 $aocéan 606 $amer 606 $aéconomie 606 $apêche 606 $aarchéologie 606 $asociétés 606 $aenvironnement 606 $asanté 615 4$aAnthropology 615 4$apaysages 615 4$aocéan 615 4$amer 615 4$aéconomie 615 4$apêche 615 4$aarchéologie 615 4$asociétés 615 4$aenvironnement 615 4$asanté 676 $a301 700 $aCharpy$b Loïc$01366227 701 $aChazine$b Jean-Michel$01366228 701 $aCosta$b Bernard$01366229 701 $aDebitus$b Cécile$0366944 701 $aLacombe$b Philippe$01319672 701 $aLanglade$b Marie-José$01366230 701 $aLaurent$b Dominique$01366231 701 $aLaurent$b Michel$0536360 701 $aMarie$b Jérôme$01297305 701 $aMeyer$b Jean-Yves$01366232 701 $aMoretti$b Christian$01237113 701 $aOllier$b Corinne$01366233 701 $aOttino-Garanger$b Marie-Noëlle$01310260 701 $aOttino-Garanger$b Pierre$01366234 701 $aPayri$b Claude E$01366235 701 $aPetek$b Sylvain$01297097 701 $aRaapoto$b Jean-Marius$01366236 701 $aRossi$b Fanny$01366237 701 $aRougerie$b Francis$01366238 701 $aCharleux$b Fabrice$01366239 701 $aOrempuller$b Joël$01366240 801 0$bFR-FrMaCLE 906 $aBOOK 912 $a9910641194503321 996 $a50 ans de recherche pour le développement en Polynésie$93388719 997 $aUNINA